[Event "5. ODEM U25 2008"]
[Site "Willingen GER"]
[Date "2008.05.17"]
[Round "9"]
[White "Hümmecke, Aaron"]
[Black "Weber, Yannik"]
[Result "1-0"]
[Termination "normal"]
[Board "55"]
[WhiteElo "1466"]
[BlackElo "1057"]
[PlyCount "95"]
[WhiteFideId "24692522"]
[BlackFideId "24692700"]
[EventCountry "GER"]
[EventRounds "9"]
[EventType "swiss"]
[EventDate "2008.05.10"]

1. e4 e5 2. Nf3 Nc6 3. d4 exd4 4. Nxd4 Nxd4 5. Qxd4 d6 6. Bc4 Be6 7. Bxe6 fxe6
8. O-O e5 9. Qc4 Nf6 10. f4 Qe7 11. fxe5 dxe5 12. Nc3 Qc5+ 13. Qxc5 Bxc5+ 14.
Kh1 O-O-O 15. Bg5 Rhf8 16. a3 h6 17. Bxf6 gxf6 18. Nd5 Rd6 19. Rad1 c6 20. Ne7+
Kb8 21. Rxd6 Bxd6 22. Nf5 Rd8 23. Nxh6 Bc5 24. h4 Rh8 25. Rxf6 Be7 26. Rg6 Bxh4
27. Rg8+ Rxg8 28. Nxg8 Bg5 29. Kh2 Bc1 30. g4 Bg5 31. c4 b5 32. cxb5 cxb5 33.
Kh3 a5 34. Nh6 Bxh6 35. Kh4 b4 36. axb4 axb4 37. g5 Bxg5+ 38. Kxg5 Kc7 39. Kf5
Kd6 40. b3 Ke7 41. Kxe5 Kf7 42. Kd6 Ke8 43. Ke6 Kd8 44. e5 Ke8 45. Kd6 Kd8 46.
e6 Ke8 47. e7 Kf7 48. Kd7 1-0

[Event "5. ODEM U25 2008"]
[Site "Willingen GER"]
[Date "2008.05.17"]
[Round "9"]
[White "Wenke, Andrea"]
[Black "Bangert, Benjamin"]
[Result "1/2-1/2"]
[Termination "normal"]
[Board "56"]
[WhiteElo "1440"]
[BlackElo "1227"]
[PlyCount "118"]
[WhiteFideId "24677736"]
[BlackFideId "24692654"]
[EventCountry "GER"]
[EventRounds "9"]
[EventType "swiss"]
[EventDate "2008.05.10"]

1. e4 e5 2. Nf3 Nc6 3. d4 exd4 4. Nxd4 Nf6 5. Nxc6 bxc6 6. e5 Nd5 7. c4 Nb6 8.
Bd3 d5 9. exd6 cxd6 10. O-O Be7 11. Nc3 O-O 12. Qh5 g6 13. Qf3 Bb7 14. Bh6 Re8
15. Ne4 Rb8 16. Qf4 d5 17. Ng5 Bxg5 18. Bxg5 Qc8 19. Bh6 Re6 20. Rae1 dxc4 21.
Rxe6 fxe6 22. Qd4 Qd7 23. Qxd7 Nxd7 24. Bxc4 Kf7 25. Re1 Re8 26. Re3 c5 27. Bb5
Rd8 28. Rd3 Bd5 29. Ra3 Ne5 30. Rxa7+ Kg8 31. f3 Ra8 32. Rxa8+ Bxa8 33. Bf4 Bc6
34. Bxc6 Nxc6 35. a3 Kf7 36. Bd6 c4 37. Kf2 Kf6 38. h4 Ne5 39. Bxe5+ Kxe5 40.
a4 Kd5 41. a5 Kc6 42. a6 Kb6 43. a7 Kxa7 44. Ke3 Kb6 45. Kd4 Kb5 46. f4 Kb4 47.
g4 Kb3 48. Kc5 Kxb2 49. Kxc4 Kc2 50. Kd4 Kd2 51. Ke5 Ke3 52. f5 exf5 53. gxf5
gxf5 54. Kxf5 Kf3 55. h5 Kg3 56. Kg5 Kf3 57. h6 Ke4 58. Kf6 Kd5 59. Kg7 Ke6
1/2-1/2

[Event "5. ODEM U25 2008"]
[Site "Willingen GER"]
[Date "2008.05.17"]
[Round "9"]
[White "Nake, Marianne"]
[Black "Hager, Jason Armin"]
[Result "1-0"]
[Termination "normal"]
[Board "58"]
[WhiteElo "1427"]
[BlackElo "1013"]
[PlyCount "47"]
[EventCountry "GER"]
[EventRounds "9"]
[EventType "swiss"]
[EventDate "2008.05.10"]

1. e4 e5 2. Nf3 Nf6 3. Nc3 Nc6 4. Bc4 Nxe4 5. Nxe4 d5 6. Bb5 dxe4 7. Nxe5 Qd5
8. Bxc6+ bxc6 9. Ng4 Bxg4 10. Qxg4 g6 11. O-O Bd6 12. Re1 f5 13. Qh4 Be7 14.
Qh6 Bf8 15. Qh3 Be7 16. d3 h6 17. dxe4 fxe4 18. Qg3 Rd8 19. Qxg6+ Kf8 20. Bxh6+
Rxh6 21. Qxh6+ Kg8 22. h3 Bd6 23. Qg6+ Kf8 24. Qxe4 1-0

[Event "5. ODEM U25 2008"]
[Site "Willingen GER"]
[Date "2008.05.17"]
[Round "9"]
[White "Holle, Eric"]
[Black "Glatting, Lisa"]
[Result "1/2-1/2"]
[Termination "normal"]
[Board "59"]
[WhiteElo "1400"]
[BlackElo "1762"]
[PlyCount "104"]
[WhiteFideId "4624610"]
[BlackFideId "24667617"]
[EventCountry "GER"]
[EventRounds "9"]
[EventType "swiss"]
[EventDate "2008.05.10"]

1. e4 e5 2. Nc3 Bc5 3. f4 d6 4. Nf3 Bg4 5. Bc4 Nf6 6. h3 Bxf3 7. Qxf3 Nbd7 8.
d3 h6 9. Qg3 Qe7 10. Nd5 Nxd5 11. Bxd5 c6 12. Bb3 Qf6 13. Rf1 O-O 14. Qg4 Qe7
15. c3 Kh8 16. Rf3 Rae8 17. Bd2 Bb6 18. O-O-O Nf6 19. Qg3 Bc7 20. fxe5 Qxe5 21.
Bf4 Qe7 22. Rdf1 Nh5 23. Qg4 Nxf4 24. Rxf4 f6 25. Rf5 Rd8 26. Qf3 b5 27. a4 a6
28. axb5 axb5 29. e5 dxe5 30. Qxc6 Rxd3 31. Qxb5 Qd7 32. Bc4 Rd2 33. R5f2 Qxb5
34. Bxb5 Rxf2 35. Rxf2 Rd8 36. Rd2 Rxd2 37. Kxd2 Kg8 38. Ke3 Kf8 39. c4 Bd6 40.
Ke4 Ke7 41. Kd5 Bc7 42. Kc6 Kd8 43. b4 f5 44. c5 e4 45. Bc4 f4 46. b5 Kc8 47.
b6 Bd8 48. b7+ Kb8 49. Kd7 Bc7 50. Bd5 e3 51. Bf3 Be5 52. c6 Bc7 1/2-1/2

[Event "5. ODEM U25 2008"]
[Site "Willingen GER"]
[Date "2008.05.17"]
[Round "9"]
[White "Biefel, Christian"]
[Black "Usov, Andreas"]
[Result "0-1"]
[Termination "normal"]
[Board "60"]
[WhiteElo "1239"]
[BlackElo "1461"]
[PlyCount "96"]
[WhiteFideId "24692646"]
[BlackFideId "24601713"]
[EventCountry "GER"]
[EventRounds "9"]
[EventType "swiss"]
[EventDate "2008.05.10"]

1. d4 d5 2. Nf3 Bg4 3. Nbd2 Nc6 4. e3 a6 5. c3 Nf6 6. Bd3 Rb8 7. O-O e5 8. dxe5
Nxe5 9. Bc2 Bd6 10. h3 Bh5 11. Re1 O-O 12. e4 Nxf3+ 13. Nxf3 dxe4 14. Bxe4 Nxe4
15. Rxe4 Bh2+ 16. Kxh2 Qxd1 17. Nd4 c5 18. Nb3 Rfe8 19. Rxe8+ Rxe8 20. Be3 Qd6+
21. Kg1 b6 22. a4 f6 23. a5 bxa5 24. Bxc5 Qd5 25. Rxa5 Qxb3 26. Be3 Rxe3 27.
fxe3 Qd1+ 28. Kh2 Qe2 29. Kg1 Qxe3+ 30. Kh1 Qc1+ 31. Kh2 Qxb2 32. Rxh5 Qxc3 33.
Rd5 Qe5+ 34. Rxe5 fxe5 35. Kg3 a5 36. Kf3 a4 37. Ke4 a3 38. Kxe5 a2 39. Kf4 Kf7
40. Kg3 Kf6 41. Kh2 Kf5 42. Kg3 a1=Q 43. Kh2 h5 44. Kg3 Qc3+ 45. Kh2 Kf4 46.
Kg1 Kg3 47. Kf1 Qd2 48. Kg1 Qxg2# 0-1

[Event "5. ODEM U25 2008"]
[Site "Willingen GER"]
[Date "2008.05.17"]
[Round "9"]
[White "Hager, Julius"]
[Black "Dietz, Daniel"]
[Result "0-1"]
[Termination "normal"]
[Board "61"]
[WhiteElo "901"]
[BlackElo "1421"]
[PlyCount "46"]
[EventCountry "GER"]
[EventRounds "9"]
[EventType "swiss"]
[EventDate "2008.05.10"]

1. e4 c5 2. Bc4 Nc6 3. d3 g6 4. Bf4 Bg7 5. Nc3 Nf6 6. Nf3 d6 7. d4 cxd4 8. Nxd4
Nxd4 9. Qxd4 e5 10. Bxe5 dxe5 11. Qxe5+ Qe7 12. Qxe7+ Kxe7 13. O-O Rd8 14. Rfe1
Kf8 15. e5 Ng4 16. e6 fxe6 17. Bxe6 Bxe6 18. Rxe6 Re8 19. Rae1 Rad8 20. h3 Bxc3
21. bxc3 Rxe6 22. Rxe6 Rd1+ 23. Re1 Rxe1# 0-1

[Event "5. ODEM U25 2008"]
[Site "Willingen GER"]
[Date "2008.05.17"]
[Round "9"]
[White "Kuckling, Jonas"]
[Black "Kreyssig, Bruno"]
[Result "1-0"]
[Termination "normal"]
[Board "62"]
[WhiteElo "1420"]
[BlackElo "1034"]
[PlyCount "103"]
[WhiteFideId "24603856"]
[BlackFideId "4692489"]
[EventCountry "GER"]
[EventRounds "9"]
[EventType "swiss"]
[EventDate "2008.05.10"]

1. d4 Nf6 2. c4 g6 3. Nc3 Bg7 4. e4 d6 5. f4 O-O 6. Nf3 Nbd7 7. Be2 c5 8. d5 b6
9. O-O Ba6 10. Be3 Qc7 11. Rc1 Rac8 12. Qa4 Qb7 13. a3 e5 14. fxe5 dxe5 15. Nd2
Rcd8 16. b4 cxb4 17. axb4 Qc8 18. b5 Bb7 19. Qxa7 Qc7 20. Qa4 Ra8 21. Qb4 Ra7
22. Na4 Rfa8 23. Ra1 Nc5 24. Bxc5 bxc5 25. Qb3 Qa5 26. Nc3 Qxa1 27. Rxa1 Rxa1+
28. Bf1 Rc1 29. Qb2 Re1 30. Kf2 Raa1 31. Ncb1 Rxf1+ 32. Kxf1 Ra8 33. Qxe5 Ra2
34. Qc7 Ba8 35. Qxc5 Bh6 36. Qd4 Bxd2 37. Nxd2 Ra5 38. Qxf6 Kf8 39. d6 Ra7 40.
d7 Rxd7 41. Ke2 Kg8 42. c5 Ra7 43. Qb6 Rb7 44. Qd8+ Kg7 45. Qxa8 Rxb5 46. c6
Rc5 47. Qb7 Kf8 48. Qb4 Ke8 49. Qxc5 Kd8 50. Qa7 Kc8 51. Qb7+ Kd8 52. Qd7# 1-0

[Event "5. ODEM U25 2008"]
[Site "Willingen GER"]
[Date "2008.05.17"]
[Round "9"]
[White "Alt, Elisabeth"]
[Black "Lang, Jan-Hendrik"]
[Result "1-0"]
[Termination "normal"]
[Board "63"]
[WhiteElo "1275"]
[BlackElo "982"]
[PlyCount "53"]
[WhiteFideId "24692620"]
[EventCountry "GER"]
[EventRounds "9"]
[EventType "swiss"]
[EventDate "2008.05.10"]

1. e4 e5 2. d4 Nc6 3. Nf3 d6 4. Nc3 Be6 5. d5 Nge7 6. dxe6 f5 7. Ng5 h6 8. Nf7
Qc8 9. Nxh8 Qxe6 10. Nd5 O-O-O 11. Nxe7+ Nxe7 12. Bd3 f4 13. Be2 Qg8 14. c3 g5
15. Qb3 Qxh8 16. a4 a6 17. Ra3 Ng8 18. Bg4+ Kb8 19. Be2 Nf6 20. Bxa6 b6 21. a5
d5 22. Qb5 Nd7 23. b4 Qf6 24. axb6 cxb6 25. exd5 e4 26. Qc6 Qe5 27. Qb7# 1-0

[Event "5. ODEM U25 2008"]
[Site "Willingen GER"]
[Date "2008.05.17"]
[Round "9"]
[White "Klein, Maren"]
[Black "Bui, Ha Trang"]
[Result "1-0"]
[Termination "normal"]
[Board "64"]
[WhiteElo "1025"]
[BlackElo "774"]
[PlyCount "87"]
[EventCountry "GER"]
[EventRounds "9"]
[EventType "swiss"]
[EventDate "2008.05.10"]

1. e4 e5 2. Nf3 d6 3. Nc3 Nf6 4. Bc4 c6 5. d4 Nbd7 6. O-O Be7 7. d5 b5 8. Bb3
b4 9. dxc6 bxc3 10. cxd7+ Bxd7 11. Bd5 Bb5 12. Re1 Rc8 13. a4 Bc4 14. bxc3 Bxd5
15. exd5 Rxc3 16. Be3 a5 17. Qe2 Nxd5 18. Qb5+ Qd7 19. Qxd5 O-O 20. Nxe5 Qf5
21. Bd4 Rxc2 22. Qb7 Bf6 23. Qf3 Qxf3 24. Nxf3 Bxd4 25. Nxd4 Re2 26. Red1 Rb2
27. Nf5 d5 28. Ne7+ Kh8 29. Nxd5 Rd8 30. Ne3 Rc8 31. g3 h6 32. Rd5 Ra8 33. h4
f6 34. h5 Re2 35. Rad1 Ra2 36. Rd8+ Rxd8 37. Rxd8+ Kh7 38. Rd4 g6 39. g4 f5 40.
Rd7+ Kg8 41. hxg6 Rxa4 42. Nxf5 Rxg4+ 43. Kf1 Rg5 44. Rd8# 1-0

[Event "5. ODEM U25 2008"]
[Site "Willingen GER"]
[Date "2008.05.17"]
[Round "9"]
[White "Kaphle, Christian"]
[Black "Palm, Adrian"]
[Result "1/2-1/2"]
[Termination "normal"]
[Board "66"]
[WhiteElo "715"]
[BlackElo "915"]
[PlyCount "54"]
[EventCountry "GER"]
[EventRounds "9"]
[EventType "swiss"]
[EventDate "2008.05.10"]

1. e4 e6 2. Nf3 d5 3. Nc3 dxe4 4. Nxe4 Nc6 5. Bb5 Bd7 6. b3 Nf6 7. d3 Nxe4 8.
dxe4 Bb4+ 9. Bd2 Bxd2+ 10. Qxd2 O-O 11. O-O a6 12. Bd3 Qe7 13. Rfd1 Rfd8 14.
Ne1 Ne5 15. Rac1 Nxd3 16. cxd3 Rac8 17. Rc3 e5 18. Rdc1 Bc6 19. f3 h6 20. h3
Rd6 21. Rd1 Rcd8 22. a4 Rg6 23. Ra1 Qb4 24. Rb1 Bxa4 25. Qc2 Bc6 26. Qb2 Qe7
27. Qa2 Rdd6 1/2-1/2